アイドルマスター プロデューサーの声優 - Statistics

General Stats
  • This quiz has been taken 12 times
  • The average score is 4 of 7
Answer Stats
Hint Answer % Correct
アニメ「アイドルマスターシンデレラガールズ」 武内駿輔
100%
アニメ「アイドルマスター」 赤羽根健治
90%
アニメ「アイドルマスターSideM」 石川界人
60%
アニメ「ぷちます!」「ぷちます!!」 間島淳司
50%
アニメ「アイドルマスターミリオンライブ!」 中村源太
50%
アニメ「アイドルマスターシンデレラガールズ U149」 米内佑希
40%
アニメ「アイドルマスターシャイニーカラーズ」 夏目響平
40%
No matching quizzes found
Score Distribution
Percent of People with Each Score
Percentile by Number Answered
Your Score History
You have not taken this quiz